000 00918nam a2200241 i 4500
001 128966
003 ES-MaACL
005 20260210163246.0
007 t|
008 070531s1954 sp ||||1| spa d
080 _a561.421(46)
080 _a633.11:571(46)
100 1 _aTéllez Molina, Ricardo.
_9109644
245 1 0 _aTrigos arqueológicos de España
_b: (Spanish archaeological wheats) /
_cpor R. Téllez y F. Ciferri.
260 _aMadrid :
_bInstituto Nacional de Investigaciones Agronómicas,
_c1954.
300 _a129 p. :
_bil. ;
_c24 cm.
500 _aPrecede al tít.: Ministerio de Agricultura. Dirección General de Agricultura.
700 1 _aCiferri, F.
_938798
710 _aInstituto Nacional de Investigaciones Agronómicas
_c(España)
_9219222
710 1 0 _aEspaña.
_bDirección General de Agricultura
_93699
852 _aES-MaACL
_jC-8714
_bR.36767
999 _c128966
_d128966